| 000 -ლიდერი |
| ფიქსირებული სიგრძის საკონტროლო ველი |
01484nam a22002897a 4500 |
| 003 - საკონტროლო ნომრის იდენტიფიკატორი |
| საკონტროლო ველი |
Ge_BSU |
| 005 - ბოლო ოპერაციის თარიღი და დრო |
| საკონტროლო ველი |
20191023125047.0 |
| 008 - ფიქსირებული სიგრძის მონაცემთა ელემენტები - ზოგადი ინფორმაცია |
| ფიქსირებული სიგრძის საკონტროლო ველი |
191023s2018 ge ||||| |||| 00| 0 geo d |
| 020 ## - წიგნის საერთაშორისო სტანდარტული ნომერი |
| International Standard Book Number |
9789941432927 |
| 041 ## - ენის კოდი |
| Language code of text/sound track or separate title |
geo |
| 080 ## - უნივერსალური ათობითი კლასიფიკაციის ინდექსი |
| Universal Decimal Classification number |
581.1(075.8) მ-30 |
| 100 ## - მთავარი ჩანაწერი - პიროვნების სახელი |
| Personal name |
მარგველაშვილი, ნინო |
| 9 (RLIN) |
4957 |
| 245 ## - ცნობა სათაურის შესახებ |
| Title |
მცენარეთა ფიზიოლოგია : |
| Remainder of title |
სახელმძღვანელო ბიოლოგიის პროფილის სტუდ. / |
| Statement of responsibility, etc |
ნინო მარგველაშვილი; რედ. ნანა ჯულაყიძე. |
| 250 ## - გამოცემის ცნობა |
| Edition statement |
მე-2 გამ-მა |
| 264 ## - წარმოების, გამოცემის, დისტრიბუციის და სხვა ცნობები |
| გამოცემის, წარმოების, დისტრიბუციის... ადგილი |
ქუთაისი : |
| გამოცემის, წარმოების, დისტრიბუციის... სახელწოდება |
აკ. წერეთლის სახ. უნ-ტის გამ-ბა, |
| გამოცემის, წარმოების, დისტრიბუციის... თარიღი |
2018. |
| 300 ## - ფიზიკური აღწერა |
| Extent |
392 გვ.: |
| Other physical details |
ნახ. ; |
| Dimensions |
30 სმ. |
| 501 ## - შენიშვნა თანმხლებ მასალაზე |
| With note |
განმართ. ლექსიკონი გვ.: 354-384; შემოკლ. აღნიშვნ. გვ.: 385-386; |
| 504 ## - BIBLIOGRAPHY, ETC. NOTE |
| Bibliography, etc |
ბიბლ.: გვ. 387-388 |
| 505 ## - FORMATTED CONTENTS NOTE |
| Miscellaneous information |
ვებ საიტის სურათები გვ.: 389-392 |
| 653 ## - INDEX TERM--UNCONTROLLED |
| Uncontrolled term |
ბიოლოგია |
| 653 ## - INDEX TERM--UNCONTROLLED |
| Uncontrolled term |
მცენარეული უჯრედები |
| 653 ## - INDEX TERM--UNCONTROLLED |
| Uncontrolled term |
ეკოლოგია |
| 653 ## - INDEX TERM--UNCONTROLLED |
| Uncontrolled term |
ბიოტექნოლოგია |
| 653 ## - INDEX TERM--UNCONTROLLED |
| Uncontrolled term |
ქსეროქსი |
| 700 ## - ADDED ENTRY--PERSONAL NAME |
| Personal name |
ჯულაყიძე, ნინო |
| Relator term |
რედაქტორი |
| 9 (RLIN) |
4958 |
| 942 ## - ADDED ENTRY ELEMENTS (KOHA) |
| Source of classification or shelving scheme |
|
| Koha item type |
წიგნი |